COGNOS ako vzdelávací softvérový nástroj business intelligence na Podnikovohospodárskej fakulte

Základné princípy, architektúra a spôsob použitia nástrojov Business intelligence pre podporu rozhodovania na príklade nástrojov Cognos & Business Intelligence.

Gespeichert in:
Bibliographische Detailangaben
1. Verfasser: Dugas, Jaroslav, 1967-
Weitere Verfasser: Hičák, Štefan, 1983-
Format: Buchkapitel
Sprache:Slowakisch
Schlagworte:
Tags: Tag hinzufügen
Keine Tags, Fügen Sie das erste Tag hinzu!

MARC

LEADER 00000nla$a2200000$$$4500
001 0147019
005 20240502072645.2
041 0 |a slo 
044 |a SK 
245 1 0 |a COGNOS ako vzdelávací softvérový nástroj business intelligence na Podnikovohospodárskej fakulte  |c Jaroslav Dugas, Štefan Hičák 
520 |a Základné princípy, architektúra a spôsob použitia nástrojov Business intelligence pre podporu rozhodovania na príklade nástrojov Cognos & Business Intelligence. 
610 2 0 |a rozhodovanie strategické 
610 2 0 |a systémy informačné 
610 2 0 |a dáta 
610 2 0 |a programy počítačové 
610 2 0 |a vzdelávanie celoživotné 
100 1 |a Dugas, Jaroslav, 1967- 
700 1 |a Hičák, Štefan, 1983-